Bengal the cold weather,1873 : (Record no. 147929)
[ view plain ]
| 000 -LEADER | |
|---|---|
| fixed length control field | 00580nam a22001937a 4500 |
| 005 - DATE AND TIME OF LATEST TRANSACTION | |
| control field | 20171208150723.0 |
| 010 ## - LCCN (DPL NO) | |
| LC control number | ENG-121803 |
| 020 ## - INTERNATIONAL STANDARD BOOK NUMBER | |
| International Standard Book Number | 9789381626894 |
| Terms of availability | 275.00 |
| 035 ## - SYSTEM CONTROL NUMBER | |
| System control number | EN-105335 |
| 037 ## - SOURCE OF ACQUISITION | |
| Source of stock number/acquisition | DBAD/PUB |
| 082 ## - DEWEY DECIMAL CLASSIFICATION NUMBER | |
| Classification number | N |
| 100 ## - MAIN ENTRY--PERSONAL NAME | |
| Personal name | Roberts,Joe |
| 245 ## - TITLE STATEMENT | |
| Title | Bengal the cold weather,1873 : |
| Remainder of title | A dream of edward lear in India / |
| Statement of responsibility, etc | by Joy Roberts |
| 260 ## - PUBLICATION, DISTRIBUTION, ETC. (IMPRINT) | |
| Name of publisher, distributor, etc | Tranquebar press An imprint of Westland |
| Date of publication, distribution, etc | 2012 |
| 270 ## - ADDRESS | |
| Address | Venkat Towers,165,P.H. road, Maduravoyal |
| City | Chennai |
| Postal code | 600095 |
| 300 ## - PHYSICAL DESCRIPTION | |
| Extent | 129p. |
| Dimensions | 20cm(Pbk) |
| 700 ## - ADDED ENTRY--PERSONAL NAME | |
| Personal name | Joy Roberts |
| 942 ## - ADDED ENTRY ELEMENTS (KOHA) | |
| Source of classification or shelving scheme | Dewey Decimal Classification |
| Item type | English Books |
| Classification part | N |
| Call number suffix | ROB |
| Withdrawn status | Lost status | Not for loan | Collection code | Home library | Current library | Date acquired | Source of acquisition | Cost, normal purchase price | Full call number | Barcode | Copy number | Cost, replacement price | Koha item type |
|---|---|---|---|---|---|---|---|---|---|---|---|---|---|
| Not For Loan | Fiction | D.B.Act.Division | Bawana | 08/12/2017 | DBAD/PUB. | 275.00 | N ROB | EN-105335 | 1 | 275.00 | English Books |
